[Event "HUN-chT2 Toth 1011"]
[Site "Hungary"]
[Date "2010.11.07"]
[Round "5.10"]
[White "Rakhely, Marcell Matyas"]
[Black "Czina, Ferenc"]
[Result "1-0"]
[WhiteElo "1742"]
[BlackElo "1780"]
[PlyCount "99"]
[EventDate "2010.09.12"]
[EventType "team-tourn"]
[EventRounds "11"]
[EventCountry "HUN"]
[SourceTitle "EXT 2012"]
[Source "ChessBase"]
[SourceDate "2011.11.24"]
[SourceVersion "1"]
[SourceVersionDate "2011.11.24"]
[SourceQuality "1"]
[WhiteTeam "Maroczy II"]
[BlackTeam "Nadudvar"]
[WhiteTeamCountry "HUN"]
[BlackTeamCountry "HUN"]

1. e4 c5 2. Nf3 Nc6 3. d4 cxd4 4. Nxd4 g6 5. Nc3 Bg7 6. Be3 e6 7. Qd2 Nge7 8. f4 Bxd4 9. Bxd4 Nxd4 10. Qxd4 0-0 11. 0-0-0 Qc7 12. g3 b6 13. h4 Qc5 14. Qf6 Nc6 15. Qg5 Qxg5 16. hxg5 f6 17. gxf6 Rxf6 18. e5 Rf7 19. Ne4 Bb7 20. Nd6 Na5 21. Rh2 Re7 22. b4 Nc6 23. Nxb7 d5 24. Nd6 Nxb4 25. a3 Nc6 26. Bd3 Nd4 27. Rdh1 Nf5 28. Bxf5 gxf5 29. Kd2 Rb8 30. Rh6 b5 31. R1h3 b4 32. axb4 Rxb4 33. Rh1 a5 34. Ra1 a4 35. c3 Rb2+ 36. Kd3 Rg2 37. Rxa4 Rxg3+ 38. Kc2 Rc7 39. Ra8+ Kg7 40. Ne8+ Kxh6 41. Nxc7 Rg6 42. Ra6 Kh5 43. Rxe6 Rxe6 44. Nxe6 Kg6 45. Kd3 Kf7 46. Nc7 d4 47. cxd4 Ke7 48. d5 Kd7 49. Ne6 Ke7 50. Ng7 1-0

[Event "HUN-chT2 Toth 1011"]
[Site "Hungary"]
[Date "2010.09.12"]
[Round "1.11"]
[White "Vertes, Imre"]
[Black "Czina, Ferenc"]
[Result "1/2-1/2"]
[WhiteElo "1561"]
[BlackElo "1780"]
[PlyCount "69"]
[EventDate "2010.09.12"]
[EventType "team-tourn"]
[EventRounds "11"]
[EventCountry "HUN"]
[SourceTitle "EXT 2012"]
[Source "ChessBase"]
[SourceDate "2011.11.24"]
[SourceVersion "1"]
[SourceVersionDate "2011.11.24"]
[SourceQuality "1"]
[WhiteTeam "Bekes"]
[BlackTeam "Nadudvar"]
[WhiteTeamCountry "HUN"]
[BlackTeamCountry "HUN"]

1. c4 c5 2. Nc3 g6 3. g3 Bg7 4. Bg2 Nc6 5. Nf3 e6 6. e3 Nge7 7. d4 cxd4 8. Nxd4 0-0 9. 0-0 Nxd4 10. exd4 d5 11. cxd5 Nxd5 12. Nxd5 exd5 13. Be3 Be6 14. Qd2 Qb6 15. b3 Rac8 16. Rac1 Rc6 17. Rxc6 Qxc6 18. Rc1 Qd7 19. Bh6 Rc8 20. Bxg7 Kxg7 21. Rc3 Rxc3 22. Qxc3 Qc6 23. Qxc6 bxc6 24. Kf1 Kf6 25. Ke2 Bf5 26. Ke3 g5 27. f4 g4 28. Kd2 Ke6 29. Kc3 a5 30. a4 Kd6 31. b4 axb4+ 32. Kxb4 Bd3 33. h3 h5 34. a5 Bb5 35. hxg4 1/2-1/2